Statistics for Futurama Trivia

Click here to take the quiz!

General Stats

  • This quiz has been taken 8,561 times
    (3,939 since last reset)
  • The average score is 14 of 20

Answer Stats

HintAnswer% Correct
Fry's job{Delivery} Boy
94%
City in which the show is setNew New York
92%
President of Earth
(actually his head in a jar)
Richard Nixon
87%
Company the main characters work for{Planet} Express
80%
Century in which the show takes place31st
79%
Future version of Madison
Square Garden
Madison
{Cube} Garden
79%
Leela is actually this, not an alienMutant
78%
Fuel that Bender runs onAlcohol
76%
Where Amy is fromMars
76%
Professor Farnsworth's
catchphrase
{Good} {News},
Everyone
74%
Country where Bender was madeMexico
73%
"Highly addictive" beverage brandSlurm
70%
Calculon's soap operaAll My {Circuits}
66%
American city that sank into the seaAtlanta
62%
Device used to smell at a
great distance
Smell-O-Scope
56%
Hermes's jobBureaucrat
51%
Goateed rival of BenderFlexo
46%
John Jackson's Presidential
opponent
Jack Johnson
44%
Tasty snack that is actually
baby Omicronians
Popplers
44%
Where Robot Santa livesNeptune
39%

Score Distribution

Percentile by Number Answered

Percent of People with Each Score

Your Score History

You have not taken this quiz since the last reset